000 00565nam a2200205Ia 4500
003 GCL
008 140319s9999 xx 000 0 ara d
040 _aGCL /
_cGCL
082 0 4 _aط
_b372.41
_bد م
100 1 _aدار المعارف
245 1 0 _aطوابع البريد /
_cدار المعارف
260 _a[S.N] :
_bدار المعارف ،
_c1993
300 _aمتعدد
490 _aإلعب وتعلم
_v0
650 0 4 _aتعليم الاطفال
650 0 4 _aالرسم
650 0 4 _aالتسالى
650 0 4 _aاطفال
942 _2ddc
_cBK
999 _c57609
_d57609